000 00485nam a2200193Ia 4500
003 GCL
008 140319s9999 xx 000 0 eng d
040 _aGCL /
_cGCL
082 0 4 _aCH
_b912
_bO C
100 1 _aOLLIVER, JANE
245 1 0 _aCHILDREN'S CONCISE ATLAS OF THE WORLD /
_cOLLIVER, JANE
260 _a[S.N] :
_bKING FISHER BOOKS ،
_c1992
300 _a80 P
650 0 4 _aMAPS
650 0 4 _aATLASES
650 0 4 _aCHILDREN
650 0 4 _aCHILDREN - ATLAS
942 _2ddc
_cBK
999 _c14902
_d14902